[Event "DEM U10w 2023"]
[Site "Willingen GER"]
[Date "2023.05.28"]
[Round "1"]
[White "Börner, Martha"]
[Black "Schirmbeck, Lilian"]
[Result "0-1"]
[Termination "normal"]
[Board "1"]
[WhiteElo "1086"]
[BlackElo "1661"]
[WhiteClock "01:06:16"]
[BlackClock "00:49:10"]
[PlyCount "114"]
[WhiteFideId "34665382"]
[BlackFideId "34620532"]
[EventCountry "GER"]
[EventRounds "11"]
[EventType "swiss"]
[EventDate "2023.05.27"]

1. e4 {[%clk 01:15:57]} {[%emt 00:00:02]} d5 {[%clk 01:15:56]} {[%emt
00:00:05]} 2. e5 {[%clk 01:16:12]} {[%emt 00:00:15]} c5 {[%clk 01:16:15]}
{[%emt 00:00:11]} 3. Nf3 {[%clk 01:16:11]} {[%emt 00:00:30]} Nc6 {[%clk
01:15:31]} {[%emt 00:01:14]} 4. Bb5 {[%clk 01:16:15]} {[%emt 00:00:26]} Bg4
{[%clk 01:14:05]} {[%emt 00:01:55]} 5. d4 {[%clk 01:15:54]} {[%emt 00:00:51]}
Bxf3 {[%clk 01:00:06]} {[%emt 00:14:31]} 6. Qxf3 {[%clk 01:16:13]} {[%emt
00:00:10]} cxd4 {[%clk 01:00:10]} {[%emt 00:00:26]} 7. Bxc6+ {[%clk 01:16:03]}
{[%emt 00:00:40]} bxc6 {[%clk 01:00:11]} {[%emt 00:00:30]} 8. Qd3 {[%clk
01:10:37]} {[%emt 00:05:55]} Qb6 {[%clk 00:57:38]} {[%emt 00:03:03]} 9. c3
{[%clk 01:10:11]} {[%emt 00:00:57]} dxc3 {[%clk 00:54:52]} {[%emt 00:03:16]}
10. Qxc3 {[%clk 01:09:16]} {[%emt 00:01:23]} e6 {[%clk 00:53:10]} {[%emt
00:02:13]} 11. Qc2 {[%clk 01:08:30]} {[%emt 00:01:15]} Bb4+ {[%clk 00:51:43]}
{[%emt 00:01:57]} 12. Nc3 {[%clk 01:08:00]} {[%emt 00:01:02]} d4 {[%clk
00:51:15]} {[%emt 00:00:58]} 13. a3 {[%clk 01:07:57]} {[%emt 00:00:34]} Qa5
{[%clk 00:50:05]} {[%emt 00:01:39]} 14. O-O {[%clk 01:07:08]} {[%emt 00:01:17]}
dxc3 {[%clk 00:50:10]} {[%emt 00:00:26]} 15. Bd2 {[%clk 01:05:19]} {[%emt
00:02:19]} Be7 {[%clk 00:48:06]} {[%emt 00:02:34]} 16. Bxc3 {[%clk 01:04:57]}
{[%emt 00:00:52]} Qc7 {[%clk 00:47:30]} {[%emt 00:01:00]} 17. Qe4 {[%clk
01:03:16]} {[%emt 00:02:17]} Nh6 {[%clk 00:44:43]} {[%emt 00:03:18]} 18. Qe3
{[%clk 01:01:08]} {[%emt 00:02:37]} Nf5 {[%clk 00:44:07]} {[%emt 00:01:06]} 19.
Qf4 {[%clk 01:00:24]} {[%emt 00:01:14]} O-O {[%clk 00:43:37]} {[%emt 00:01:00]}
20. Qg4 {[%clk 01:00:29]} {[%emt 00:00:24]} Rfd8 {[%clk 00:41:44]} {[%emt
00:02:20]} 21. Rad1 {[%clk 01:00:08]} {[%emt 00:00:55]} Rxd1 {[%clk 00:40:45]}
{[%emt 00:01:29]} 22. Rxd1 {[%clk 01:00:27]} {[%emt 00:00:12]} Rd8 {[%clk
00:41:00]} {[%emt 00:00:14]} 23. Rxd8+ {[%clk 00:59:50]} {[%emt 00:01:07]} Qxd8
{[%clk 00:41:00]} {[%emt 00:00:30]} 24. b4 {[%clk 00:59:21]} {[%emt 00:00:58]}
Qd3 {[%clk 00:40:39]} {[%emt 00:00:48]} 25. Be1 {[%clk 00:58:57]} {[%emt
00:00:58]} Nh6 {[%clk 00:39:52]} {[%emt 00:01:18]} 26. Qg3 {[%clk 00:58:52]}
{[%emt 00:00:32]} Qxg3 {[%clk 00:39:38]} {[%emt 00:00:47]} 27. hxg3 {[%clk
00:59:10]} {[%emt 00:00:12]} c5 {[%clk 00:39:56]} {[%emt 00:00:12]} 28. b5
{[%clk 00:59:02]} {[%emt 00:00:37]} c4 {[%clk 00:40:09]} {[%emt 00:00:17]} 29.
a4 {[%clk 00:59:13]} {[%emt 00:00:20]} Bc5 {[%clk 00:40:32]} {[%emt 00:00:07]}
30. a5 {[%clk 00:59:22]} {[%emt 00:00:21]} Nf5 {[%clk 00:40:54]} {[%emt
00:00:07]} 31. g4 {[%clk 00:59:16]} {[%emt 00:00:36]} Nd4 {[%clk 00:41:13]}
{[%emt 00:00:11]} 32. b6 {[%clk 00:58:55]} {[%emt 00:00:52]} axb6 {[%clk
00:41:23]} {[%emt 00:00:20]} 33. a6 {[%clk 00:59:14]} {[%emt 00:00:10]} b5
{[%clk 00:41:37]} {[%emt 00:00:16]} 34. f3 {[%clk 00:59:35]} {[%emt 00:00:08]}
Nxf3+ {[%clk 00:41:59]} {[%emt 00:00:09]} 35. Kf1 {[%clk 00:59:51]} {[%emt
00:00:14]} Nd4 {[%clk 00:42:13]} {[%emt 00:00:13]} 36. Bf2 {[%clk 01:00:11]}
{[%emt 00:00:14]} Ba7 {[%clk 00:42:30]} {[%emt 00:00:13]} 37. Ke1 {[%clk
01:00:23]} {[%emt 00:00:18]} Nc6 {[%clk 00:42:50]} {[%emt 00:00:10]} 38. Bxa7
{[%clk 01:00:39]} {[%emt 00:00:14]} Nxa7 {[%clk 00:43:08]} {[%emt 00:00:12]}
39. Kd2 {[%clk 01:01:05]} {[%emt 00:00:04]} b4 {[%clk 00:43:34]} {[%emt
00:00:05]} 40. Kc2 {[%clk 01:01:28]} {[%emt 00:00:06]} f6 {[%clk 00:43:55]}
{[%emt 00:00:09]} 41. exf6 {[%clk 01:01:37]} {[%emt 00:00:20]} gxf6 {[%clk
00:44:17]} {[%emt 00:00:09]} 42. g3 {[%clk 01:01:54]} {[%emt 00:00:13]} e5
{[%clk 00:44:41]} {[%emt 00:00:06]} 43. Kd2 {[%clk 01:02:17]} {[%emt 00:00:07]}
e4 {[%clk 00:45:01]} {[%emt 00:00:10]} 44. g5 {[%clk 01:02:39]} {[%emt
00:00:08]} fxg5 {[%clk 00:45:17]} {[%emt 00:00:13]} 45. g4 {[%clk 01:02:57]}
{[%emt 00:00:12]} b3 {[%clk 00:45:41]} {[%emt 00:00:07]} 46. Kc3 {[%clk
01:03:14]} {[%emt 00:00:13]} e3 {[%clk 00:46:04]} {[%emt 00:00:07]} 47. Kxc4
{[%clk 01:03:31]} {[%emt 00:00:12]} b2 {[%clk 00:46:26]} {[%emt 00:00:08]} 48.
Kd3 {[%clk 01:03:57]} {[%emt 00:00:04]} b1=Q+ {[%clk 00:46:50]} {[%emt
00:00:07]} 49. Kxe3 {[%clk 01:04:12]} {[%emt 00:00:14]} Qb4 {[%clk 00:47:03]}
{[%emt 00:00:15]} 50. Kf3 {[%clk 01:04:32]} {[%emt 00:00:12]} Qd4 {[%clk
00:47:27]} {[%emt 00:00:06]} 51. Kg3 {[%clk 01:04:53]} {[%emt 00:00:08]} Qf4+
{[%clk 00:47:43]} {[%emt 00:00:15]} 52. Kh3 {[%clk 01:05:10]} {[%emt 00:00:11]}
h5 {[%clk 00:48:06]} {[%emt 00:00:09]} 53. gxh5 {[%clk 01:05:28]} {[%emt
00:00:13]} g4+ {[%clk 00:47:41]} {[%emt 00:00:55]} 54. Kg2 {[%clk 01:05:42]}
{[%emt 00:00:16]} Qf3+ {[%clk 00:48:07]} {[%emt 00:00:04]} 55. Kh2 {[%clk
01:05:48]} {[%emt 00:00:23]} Qf2+ {[%clk 00:48:18]} {[%emt 00:00:20]} 56. Kh1
{[%clk 01:06:02]} {[%emt 00:00:14]} g3 {[%clk 00:48:42]} {[%emt 00:00:08]} 57.
h6 {[%clk 01:06:16]} {[%emt 00:00:16]} Qh2# {[%clk 00:49:10]} {[%emt 00:00:02]}
0-1

[Event "DEM U10w 2023"]
[Site "Willingen GER"]
[Date "2023.05.28"]
[Round "1"]
[White "Bohatyrova, Mariia"]
[Black "Kryvak, Mariia"]
[Result "1-0"]
[Termination "normal"]
[Board "2"]
[WhiteElo "1357"]
[BlackElo "1083"]
[WhiteClock "01:03:06"]
[BlackClock "01:12:15"]
[PlyCount "97"]
[WhiteFideId "34165789"]
[BlackFideId "34164413"]
[EventCountry "GER"]
[EventRounds "11"]
[EventType "swiss"]
[EventDate "2023.05.27"]

1. Nf3 {[%clk 01:15:57]} {[%emt 00:00:02]} Nf6 {[%clk 01:15:53]} {[%emt
00:00:07]} 2. d4 {[%clk 01:16:22]} {[%emt 00:00:05]} g6 {[%clk 01:16:17]}
{[%emt 00:00:06]} 3. c4 {[%emt 00:00:11]} Bg7 {[%clk 01:16:38]} {[%emt
00:00:06]} 4. Nc3 {[%clk 01:17:06]} {[%emt 00:00:08]} d6 {[%clk 01:17:01]}
{[%emt 00:00:07]} 5. e4 {[%clk 01:16:36]} {[%emt 00:01:00]} O-O {[%clk
01:17:09]} {[%emt 00:00:22]} 6. Be2 {[%clk 01:16:52]} {[%emt 00:00:14]} Bd7
{[%clk 01:17:20]} {[%emt 00:00:18]} 7. O-O {[%clk 01:17:09]} {[%emt 00:00:14]}
Nc6 {[%clk 01:17:30]} {[%emt 00:00:21]} 8. Bg5 {[%clk 01:08:38]} {[%emt
00:09:00]} e5 {[%clk 01:17:11]} {[%emt 00:00:49]} 9. dxe5 {[%clk 01:04:38]}
{[%emt 00:04:30]} dxe5 {[%clk 01:17:19]} {[%emt 00:00:22]} 10. Nd5 {[%clk
01:04:39]} {[%emt 00:00:29]} a6 {[%clk 01:15:56]} {[%emt 00:01:53]} 11. Bxf6
{[%clk 01:04:56]} {[%emt 00:00:13]} Bxf6 {[%clk 01:16:14]} {[%emt 00:00:12]}
12. Nxf6+ {[%clk 01:05:20]} {[%emt 00:00:06]} Qxf6 {[%clk 01:16:21]} {[%emt
00:00:24]} 13. Qxd7 {[%clk 01:05:27]} {[%emt 00:00:23]} Rfd8 {[%clk 01:15:51]}
{[%emt 00:00:59]} 14. Qxc7 {[%clk 01:01:34]} {[%emt 00:04:23]} Rab8 {[%clk
01:14:07]} {[%emt 00:02:15]} 15. Qb6 {[%clk 01:01:21]} {[%emt 00:00:42]} Qd6
{[%clk 01:12:34]} {[%emt 00:02:03]} 16. Qb3 {[%clk 00:58:49]} {[%emt 00:03:02]}
Qb4 {[%clk 01:12:10]} {[%emt 00:00:55]} 17. Qxb4 {[%clk 00:59:04]} {[%emt
00:00:15]} Nxb4 {[%clk 01:12:34]} {[%emt 00:00:05]} 18. a3 {[%clk 00:59:02]}
{[%emt 00:00:33]} Nc6 {[%clk 01:12:53]} {[%emt 00:00:11]} 19. Rad1 {[%clk
00:59:21]} {[%emt 00:00:10]} Re8 {[%clk 01:13:02]} {[%emt 00:00:21]} 20. Rd7
{[%clk 00:59:34]} {[%emt 00:00:16]} Kg7 {[%clk 01:12:20]} {[%emt 00:01:12]} 21.
Rfd1 {[%clk 00:59:16]} {[%emt 00:00:48]} Kg8 {[%clk 01:11:54]} {[%emt
00:00:57]} 22. c5 {[%clk 00:59:21]} {[%emt 00:00:25]} Rec8 {[%clk 01:10:55]}
{[%emt 00:01:29]} 23. Bc4 {[%clk 00:59:29]} {[%emt 00:00:21]} Rf8 {[%clk
01:10:47]} {[%emt 00:00:39]} 24. Ng5 {[%clk 00:59:29]} {[%emt 00:00:30]} Nd8
{[%clk 01:09:41]} {[%emt 00:01:36]} 25. R1d6 {[%clk 00:59:00]} {[%emt
00:00:57]} b5 {[%clk 01:09:01]} {[%emt 00:01:13]} 26. cxb6 {[%clk 00:59:16]}
{[%emt 00:00:13]} Rc8 {[%clk 01:08:39]} {[%emt 00:00:53]} 27. Bxa6 {[%clk
00:58:41]} {[%emt 00:01:04]} Rc1+ {[%clk 01:08:46]} {[%emt 00:00:23]} 28. Rd1
{[%clk 00:58:49]} {[%emt 00:00:21]} Rxd1+ {[%clk 01:08:44]} {[%emt 00:00:33]}
29. Rxd1 {[%clk 00:59:13]} {[%emt 00:00:06]} Ne6 {[%clk 01:09:07]} {[%emt
00:00:08]} 30. Nxe6 {[%clk 00:59:29]} {[%emt 00:00:13]} fxe6 {[%clk 01:09:27]}
{[%emt 00:00:10]} 31. Bc4 {[%emt 00:00:19]} Kf7 {[%clk 01:09:39]} {[%emt
00:00:16]} 32. Rd7+ {[%clk 01:00:00]} {[%emt 00:00:11]} Kf6 {[%clk 01:10:04]}
{[%emt 00:00:07]} 33. b7 {[%clk 01:00:15]} {[%emt 00:00:14]} Rb8 {[%clk
01:10:27]} {[%emt 00:00:07]} 34. Rc7 {[%clk 01:00:15]} {[%emt 00:00:30]} Rd8
{[%clk 01:10:46]} {[%emt 00:00:11]} 35. Rc8 {[%clk 01:00:31]} {[%emt 00:00:14]}
Rd1+ {[%clk 01:10:49]} {[%emt 00:00:27]} 36. Bf1 {[%clk 01:00:55]} {[%emt
00:00:07]} Rd7 {[%clk 01:09:00]} {[%emt 00:02:18]} 37. b8=Q {[%clk 01:01:02]}
{[%emt 00:00:22]} Rf7 {[%clk 01:09:12]} {[%emt 00:00:19]} 38. Rc7 {[%clk
01:01:07]} {[%emt 00:00:26]} Rxc7 {[%clk 01:09:28]} {[%emt 00:00:13]} 39. Qxc7
{[%clk 01:01:32]} {[%emt 00:00:05]} h5 {[%clk 01:09:48]} {[%emt 00:00:09]} 40.
Bb5 {[%clk 01:01:22]} {[%emt 00:00:41]} Kg5 {[%clk 01:10:02]} {[%emt 00:00:16]}
41. g3 {[%clk 01:01:24]} {[%emt 00:00:28]} Kg4 {[%clk 01:10:19]} {[%emt
00:00:13]} 42. Kg2 {[%clk 01:01:46]} {[%emt 00:00:08]} h4 {[%clk 01:10:30]}
{[%emt 00:00:19]} 43. h3+ {[%clk 01:02:08]} {[%emt 00:00:08]} Kg5 {[%clk
01:10:51]} {[%emt 00:00:09]} 44. Qxe5+ {[%clk 01:02:11]} {[%emt 00:00:26]} Kh6
{[%clk 01:11:11]} {[%emt 00:00:11]} 45. Qf6 {[%clk 01:02:24]} {[%emt 00:00:17]}
hxg3 {[%clk 01:11:26]} {[%emt 00:00:15]} 46. Be8 {[%clk 01:02:31]} {[%emt
00:00:23]} Kh7 {[%clk 01:11:44]} {[%emt 00:00:13]} 47. Qxg6+ {[%clk 01:02:48]}
{[%emt 00:00:12]} Kh8 {[%clk 01:12:05]} {[%emt 00:00:08]} 48. Bf7 {[%clk
01:03:06]} {[%emt 00:00:12]} e5 {[%clk 01:12:15]} {[%emt 00:00:21]} 49. Qg8#
{[%emt 00:00:29]} 1-0

[Event "DEM U10w 2023"]
[Site "Willingen GER"]
[Date "2023.05.28"]
[Round "1"]
[White "Wieckowicz, Bui Havy"]
[Black "Shynkar, Daria"]
[Result "0-1"]
[Termination "normal"]
[Board "3"]
[WhiteElo "1065"]
[BlackElo "1179"]
[WhiteClock "00:37:53"]
[BlackClock "00:47:23"]
[PlyCount "52"]
[WhiteFideId "34639926"]
[BlackFideId "34163212"]
[EventCountry "GER"]
[EventRounds "11"]
[EventType "swiss"]
[EventDate "2023.05.27"]

1. e4 {[%clk 01:15:57]} {[%emt 00:00:02]} c5 {[%clk 01:15:57]} {[%emt
00:00:04]} 2. Nf3 {[%clk 01:16:21]} {[%emt 00:00:06]} Nc6 {[%clk 01:16:23]}
{[%emt 00:00:04]} 3. d4 {[%clk 01:16:41]} {[%emt 00:00:09]} cxd4 {[%clk
01:16:49]} {[%emt 00:00:05]} 4. Nxd4 {[%clk 01:16:55]} {[%emt 00:00:05]} Nf6
{[%clk 01:17:17]} {[%emt 00:00:13]} 5. Nc3 {[%clk 01:17:18]} {[%emt 00:00:07]}
e5 {[%clk 01:17:34]} {[%emt 00:00:13]} 6. Nb3 {[%clk 01:17:25]} {[%emt
00:00:19]} Bb4 {[%clk 01:17:56]} {[%emt 00:00:12]} 7. Bd2 {[%clk 01:17:36]}
{[%emt 00:00:11]} O-O {[%clk 01:17:50]} {[%emt 00:00:44]} 8. Nd5 {[%clk
01:17:41]} {[%emt 00:00:19]} Bxd2+ {[%clk 01:14:11]} {[%emt 00:04:14]} 9. Qxd2
{[%clk 01:17:44]} {[%emt 00:00:11]} Nxe4 {[%clk 01:10:46]} {[%emt 00:04:12]}
10. Qe3 {[%clk 01:16:13]} {[%emt 00:01:59]} Nf6 {[%clk 01:09:58]} {[%emt
00:01:19]} 11. Nxf6+ {[%clk 01:12:57]} {[%emt 00:03:43]} Qxf6 {[%clk 01:09:51]}
{[%emt 00:00:41]} 12. Bc4 {[%clk 01:11:51]} {[%emt 00:01:32]} Qg6 {[%clk
01:05:00]} {[%emt 00:05:23]} 13. O-O {[%clk 01:08:31]} {[%emt 00:03:49]} Qxc2
{[%clk 00:49:05]} {[%emt 00:16:28]} 14. Rfc1 {[%clk 01:00:21]} {[%emt
00:08:36]} Qg6 {[%clk 00:46:41]} {[%emt 00:02:58]} 15. Qh3 {[%clk 00:50:24]}
{[%emt 00:10:24]} d5 {[%clk 00:45:40]} {[%emt 00:01:34]} 16. Bd3 {[%clk
00:49:57]} {[%emt 00:00:44]} e4 {[%clk 00:46:08]} {[%emt 00:00:15]} 17. Bxe4
{[%clk 00:49:16]} {[%emt 00:00:59]} dxe4 {[%clk 00:46:21]} {[%emt 00:00:29]}
18. Qe3 {[%clk 00:47:02]} {[%emt 00:02:41]} Rd8 {[%clk 00:45:25]} {[%emt
00:01:28]} 19. Rd1 {[%clk 00:46:52]} {[%emt 00:00:32]} Bf5 {[%clk 00:45:49]}
{[%emt 00:00:15]} 20. g3 {[%clk 00:45:32]} {[%emt 00:01:12]} Bg4 {[%clk
00:46:11]} {[%emt 00:00:45]} 21. Rd2 {[%clk 00:44:49]} {[%emt 00:01:13]} Bf3
{[%clk 00:46:10]} {[%emt 00:00:32]} 22. Nc5 {[%clk 00:43:07]} {[%emt 00:01:47]}
Rxd2 {[%clk 00:46:33]} {[%emt 00:00:32]} 23. Qxd2 {[%clk 00:42:32]} {[%emt
00:00:59]} Qh5 {[%clk 00:46:57]} {[%emt 00:00:12]} 24. Nxb7 {[%clk 00:41:04]}
{[%emt 00:01:47]} Qh3 {[%clk 00:47:23]} {[%emt 00:00:15]} 25. Qd8+ {[%emt
00:02:44]} Rxd8 {[%emt 00:00:10]} 26. Nxd8 {[%clk 00:37:53]} {[%emt 00:00:09]}
Qg2# {[%clk 00:47:23]} 0-1

[Event "DEM U10w 2023"]
[Site "Willingen GER"]
[Date "2023.05.28"]
[Round "1"]
[White "Heidtkamp, Anna"]
[Black "Hendler, Felicitas"]
[Result "1-0"]
[Termination "normal"]
[Board "4"]
[WhiteElo "1352"]
[BlackElo "1049"]
[WhiteClock "00:34:17"]
[BlackClock "00:57:55"]
[PlyCount "47"]
[WhiteFideId "16269012"]
[BlackFideId "34616519"]
[EventCountry "GER"]
[EventRounds "11"]
[EventType "swiss"]
[EventDate "2023.05.27"]

1. e4 {[%clk 01:15:58]} {[%emt 00:00:02]} e5 {[%clk 01:15:52]} {[%emt
00:00:08]} 2. Nf3 {[%clk 01:16:21]} {[%emt 00:00:07]} Nc6 {[%clk 01:16:13]}
{[%emt 00:00:09]} 3. Bc4 {[%clk 01:16:44]} {[%emt 00:00:08]} Nf6 {[%clk
01:16:32]} {[%emt 00:00:10]} 4. d3 {[%clk 01:17:07]} {[%emt 00:00:07]} h6
{[%clk 01:16:52]} {[%emt 00:00:09]} 5. Nc3 {[%clk 01:17:28]} {[%emt 00:00:10]}
Bc5 {[%clk 01:16:31]} {[%emt 00:00:51]} 6. Be3 {[%clk 01:17:17]} {[%emt
00:00:41]} Bb6 {[%clk 01:16:13]} {[%emt 00:00:47]} 7. a3 {[%clk 01:15:28]}
{[%emt 00:02:20]} O-O {[%clk 01:14:38]} {[%emt 00:02:06]} 8. Na4 {[%clk
01:13:47]} {[%emt 00:02:11]} Bxe3 {[%clk 01:14:00]} {[%emt 00:01:07]} 9. fxe3
{[%clk 01:14:05]} {[%emt 00:00:12]} Ng4 {[%clk 01:12:37]} {[%emt 00:01:53]} 10.
Qe2 {[%clk 01:11:38]} {[%emt 00:02:57]} d6 {[%clk 01:08:12]} {[%emt 00:04:54]}
11. h3 {[%clk 01:10:16]} {[%emt 00:01:52]} Nf6 {[%clk 01:07:42]} {[%emt
00:01:00]} 12. Nc3 {[%clk 01:06:58]} {[%emt 00:03:49]} Be6 {[%clk 01:05:30]}
{[%emt 00:02:41]} 13. Nd5 {[%clk 00:57:52]} {[%emt 00:09:36]} Na5 {[%clk
01:02:56]} {[%emt 00:03:04]} 14. Ba2 {[%clk 00:58:01]} {[%emt 00:00:22]} c6
{[%clk 01:01:22]} {[%emt 00:02:04]} 15. Nxf6+ {[%clk 00:54:51]} {[%emt
00:03:39]} Qxf6 {[%clk 01:01:28]} {[%emt 00:00:24]} 16. Bxe6 {[%clk 00:54:58]}
{[%emt 00:00:24]} fxe6 {[%clk 01:01:28]} {[%emt 00:00:29]} 17. b4 {[%clk
00:55:15]} {[%emt 00:00:14]} d5 {[%clk 01:00:57]} {[%emt 00:01:00]} 18. bxa5
{[%clk 00:52:04]} {[%emt 00:03:42]} c5 {[%clk 01:00:12]} {[%emt 00:01:14]} 19.
O-O {[%clk 00:45:20]} {[%emt 00:07:15]} b6 {[%clk 00:56:55]} {[%emt 00:03:46]}
20. axb6 {[%clk 00:43:21]} {[%emt 00:02:30]} axb6 {[%clk 00:57:04]} {[%emt
00:00:21]} 21. exd5 {[%clk 00:40:24]} {[%emt 00:03:27]} exd5 {[%clk 00:57:21]}
{[%emt 00:00:12]} 22. e4 {[%clk 00:40:46]} {[%emt 00:00:09]} d4 {[%clk
00:57:39]} {[%emt 00:00:11]} 23. Nxd4 {[%clk 00:33:55]} {[%emt 00:07:21]} cxd4
{[%clk 00:57:55]} {[%emt 00:00:14]} 24. Rxf6 {[%clk 00:34:17]} {[%emt
00:00:09]} 1-0

[Event "DEM U10w 2023"]
[Site "Willingen GER"]
[Date "2023.05.28"]
[Round "1"]
[White "Kühn, Nicole"]
[Black "Englert, Ann"]
[Result "1/2-1/2"]
[Termination "normal"]
[Board "5"]
[WhiteElo "1048"]
[BlackElo "1328"]
[WhiteClock "00:21:35"]
[BlackClock "00:48:32"]
[PlyCount "64"]
[WhiteFideId "34610510"]
[BlackFideId "34606181"]
[EventCountry "GER"]
[EventRounds "11"]
[EventType "swiss"]
[EventDate "2023.05.27"]

1. e4 {[%clk 01:15:52]} {[%emt 00:00:08]} c5 {[%clk 01:15:55]} {[%emt
00:00:05]} 2. c3 {[%clk 01:15:00]} {[%emt 00:01:21]} Nc6 {[%clk 01:15:53]}
{[%emt 00:00:32]} 3. d4 {[%clk 01:13:27]} {[%emt 00:02:04]} cxd4 {[%clk
01:15:48]} {[%emt 00:00:35]} 4. cxd4 {[%clk 01:11:39]} {[%emt 00:02:18]} d6
{[%clk 01:14:52]} {[%emt 00:01:26]} 5. d5 {[%clk 01:09:48]} {[%emt 00:02:22]}
Nb8 {[%clk 01:14:58]} {[%emt 00:00:22]} 6. Nf3 {[%clk 01:08:46]} {[%emt
00:01:32]} Nf6 {[%clk 01:15:06]} {[%emt 00:00:23]} 7. Nc3 {[%clk 01:05:46]}
{[%emt 00:03:30]} g6 {[%clk 01:15:13]} {[%emt 00:00:23]} 8. Bd3 {[%clk
01:03:55]} {[%emt 00:02:21]} Bg7 {[%clk 01:15:22]} {[%emt 00:00:21]} 9. O-O
{[%clk 01:03:04]} {[%emt 00:01:21]} O-O {[%clk 01:13:55]} {[%emt 00:01:56]} 10.
h3 {[%clk 01:00:28]} {[%emt 00:03:06]} Nbd7 {[%clk 01:14:06]} {[%emt 00:00:19]}
11. Bg5 {[%clk 00:55:32]} {[%emt 00:05:26]} Nc5 {[%clk 01:13:10]} {[%emt
00:01:27]} 12. Re1 {[%clk 00:44:20]} {[%emt 00:11:42]} Bd7 {[%clk 01:09:05]}
{[%emt 00:04:34]} 13. Bc4 {[%emt 00:05:02]} Rc8 {[%clk 01:06:39]} {[%emt
00:02:54]} 14. b3 {[%clk 00:38:26]} {[%emt 00:01:55]} h6 {[%clk 01:06:42]}
{[%emt 00:00:27]} 15. Bh4 {[%clk 00:36:34]} {[%emt 00:02:20]} Nh5 {[%clk
00:59:58]} {[%emt 00:07:15]} 16. e5 {[%clk 00:34:44]} {[%emt 00:02:20]} dxe5
{[%clk 01:00:08]} {[%emt 00:00:20]} 17. Nxe5 {[%clk 00:34:43]} {[%emt
00:00:32]} Nf6 {[%clk 00:59:51]} {[%emt 00:00:47]} 18. Qd2 {[%clk 00:32:32]}
{[%emt 00:02:42]} Rb8 {[%clk 00:55:11]} {[%emt 00:05:07]} 19. Bxf6 {[%clk
00:30:15]} {[%emt 00:02:49]} exf6 {[%clk 00:55:07]} {[%emt 00:00:34]} 20. Nxd7
{[%clk 00:29:49]} {[%emt 00:00:56]} Nxd7 {[%clk 00:54:09]} {[%emt 00:01:28]}
21. Qd3 {[%emt 00:02:08]} Ne5 {[%clk 00:54:17]} {[%emt 00:00:04]} 22. Qd4
{[%clk 00:27:22]} {[%emt 00:01:37]} a6 {[%clk 00:53:52]} {[%emt 00:00:54]} 23.
Rad1 {[%clk 00:26:49]} {[%emt 00:01:03]} b5 {[%clk 00:54:05]} {[%emt 00:00:17]}
24. Be2 {[%clk 00:25:02]} {[%emt 00:02:15]} f5 {[%clk 00:50:17]} {[%emt
00:04:21]} 25. Qf4 {[%clk 00:23:54]} {[%emt 00:01:35]} Rc8 {[%clk 00:49:34]}
{[%emt 00:01:10]} 26. Nb1 {[%clk 00:23:13]} {[%emt 00:01:17]} Qd6 {[%clk
00:49:04]} {[%emt 00:00:58]} 27. Bf3 {[%clk 00:22:28]} {[%emt 00:01:15]} Rc2
{[%clk 00:48:56]} {[%emt 00:00:38]} 28. a4 {[%clk 00:21:30]} {[%emt 00:01:31]}
Rb2 {[%clk 00:48:53]} {[%emt 00:00:31]} 29. axb5 {[%clk 00:21:46]} {[%emt
00:00:15]} axb5 {[%clk 00:49:13]} {[%emt 00:00:10]} 30. Qe3 {[%clk 00:21:15]}
{[%emt 00:00:55]} Rc8 {[%clk 00:48:12]} {[%emt 00:01:34]} 31. Re2 {[%clk
00:21:22]} {[%emt 00:00:26]} Rxe2 {[%clk 00:48:26]} {[%emt 00:00:16]} 32. Qxe2
{[%clk 00:21:35]} {[%emt 00:00:16]} b4 {[%clk 00:48:32]} {[%emt 00:00:25]}
1/2-1/2